LEADER 03925nam 22007455 450 001 996411330103316 005 20231110233013.0 010 $a3-11-072009-4 024 7 $a10.1515/9783110720099 035 $a(CKB)5400000000002674 035 $a(DE-B1597)567656 035 $a(DE-B1597)9783110720099 035 $aEBL7014920 035 $a(AU-PeEL)EBL7014920 035 $a(oapen)https://directory.doabooks.org/handle/20.500.12854/94123 035 $a(MiAaPQ)EBC7014920 035 $a(EXLCZ)995400000000002674 100 $a20210225h20142014 fg 101 0 $ager 135 $aur||#|||||||| 181 $ctxt$2rdacontent 182 $cc$2rdamedia 183 $acr$2rdacarrier 200 00$aMeyer-Struckmann-Preis 2013: Sir Ian Kershaw $eDeutsche Geschichte im 20. Jahrhundert /$fBruno Bleckmann 210 $aBerlin/Boston$cDe Gruyter$d2014 210 1$aDüsseldorf :$cdüsseldorf university press,$d[2014] 210 4$d©2014 215 $a1 online resource (48 p.) 225 0 $aReden zur Verleihung des Meyer-Struckmann-Preises durch die Philosophische Fakultät der Heinrich-Heine-Universität Düsseldorf 300 $aDescription based upon print version of record. 311 $a3-943460-79-7 327 $tFrontmatter --$tInhalt --$tGrußwort --$tGrußwort --$tGrußwort --$tLaudatio --$tDanksagung --$tSchriftenverzeichnis 330 $aDer Meyer-Struckmann-Preis für geistes- und sozialwissenschaftliche Forschung, ausgeschrieben für Deutsche Geschichte im 20. Jahrhundert, ging im Jahr 2013 an den renommierten britischen Historiker Sir Ian Kershaw. Die Stiftung ehrte mit dieser Auszeichnung, die von der Philosophischen Fakultät der Heinrich-Heine-Universität vergeben wird, das Lebenswerk Sir Ian Kershaws. Zahlreiche seiner Publikationen behandeln und deuten die Geschichte der deutschen Katastrophe im Nationalsozialismus. Kershaws Werke haben in ihren englischen Originalfassungen sowie in den deutschen Übersetzungen breite internationale Beachtung gefunden. Zum Preisträger: Sir Ian Kershaw wurde 1943 in Oldham, Lancashire, geboren. Er studierte in Liverpool und Oxford. Nach Tätigkeiten an den Universitäten Manchester, Bochum und Nottingham lehrte er bis zu seiner Emeritierung 2008 als Professor für moderne Geschichte an der Universität Sheffield. Sir Ian Kershaw ist Träger des Bundesverdienstkreuzes. 410 0$aReden Zur Verleihung des Meyer-Struckmann-Preises Durch Die Philosophische Fakultät der Heinrich-Heine-Universität Düsseldorf 606 $aHISTORY / Modern / 20th Century$2bisacsh 610 $a"deutsches Jahrhundert". 610 $aAufarbeitung. 610 $aChristoph Nonn. 610 $aDrittes Reich. 610 $aGert Kaiser. 610 $aH. Michael Piper. 610 $aHeinrich-Heine-Universität Düsseldorf. 610 $aHerrschaftsmechanismen. 610 $aHitler-Mythos. 610 $aHistorisierung. 610 $aNS-Regime. 610 $aNS-Vergangenheit. 610 $aNSDAP. 610 $aNationalsozialismus. 610 $aZwangsarbeiterfonds der Jewish Claims Conference. 610 $adeutsche Zeitgeschichte. 615 7$aHISTORY / Modern / 20th Century. 700 $aBleckmann$b Bruno$4edt$0257645 702 $aBleckmann$b Bruno$4ctb$4https://id.loc.gov/vocabulary/relators/ctb 702 $aBleckmann$b Bruno$4edt$4http://id.loc.gov/vocabulary/relators/edt 702 $aKaiser$b Gert$4ctb$4https://id.loc.gov/vocabulary/relators/ctb 702 $aKershaw$b Ian$4ctb$4https://id.loc.gov/vocabulary/relators/ctb 702 $aNonn$b Christoph$4ctb$4https://id.loc.gov/vocabulary/relators/ctb 702 $aPiper$b Michael$4ctb$4https://id.loc.gov/vocabulary/relators/ctb 801 0$bDE-B1597 801 1$bDE-B1597 906 $aBOOK 912 $a996411330103316 996 $aMeyer-Struckmann-Preis 2013: Sir Ian Kershaw$93580692 997 $aUNISA LEADER 04183nam 22006733u 450 001 9910964003903321 005 20251117070315.0 010 $a0-203-85324-5 035 $a(CKB)2670000000099275 035 $a(EBL)692354 035 $a(OCoLC)781458774 035 $a(SSID)ssj0000522149 035 $a(PQKBManifestationID)11336002 035 $a(PQKBTitleCode)TC0000522149 035 $a(PQKBWorkID)10528393 035 $a(PQKB)11124743 035 $a(MiAaPQ)EBC692354 035 $a(EXLCZ)992670000000099275 100 $a20130418d2011|||| u|| | 101 0 $aeng 135 $aur|n|---||||| 181 $ctxt 182 $cc 183 $acr 200 10$aDying to be Men $ePsychosocial, Environmental, and Biobehavioral Directions in Promoting the Health of Men and Boys 205 $a1st ed. 210 $aHoboken $cTaylor and Francis$d2011 215 $a1 online resource (512 p.) 225 1 $aThe Routledge Series on Counseling and Psychotherapy with Boys and Men 300 $aDescription based upon print version of record. 311 08$a0-415-87875-6 327 $a2. Behavioral Factors Associated With Disease, Injury, and Death Among Men: Evidence and Implications for PreventionSection II: Why Men and Boys do the Things that Make Them Sick and Kill Them: Introduction: Who Are the "Men" in "Men's Health"?; 3. Engendering Health: The Social Construction ofGendered Health Beliefs and Behaviors; 4. Constructions of Masculinity and Their Influence onMen's Well-Being: A Theory of Gender and Health; Section III: Specific Populations Introduction: Ethnicity Matters; 5. Rural Men's Health: Situating Men's Risk in theNegotiation of Masculinity 327 $a6. College Men's Health7. Preventive Health Strategies for Men in Prison: Will H. Courtenay and Don Sabo; Section IV: Emerging Research on Men, Masculinity, and Health: Introduction: Youth Violence? Let's Call It What It Is; 8. Gender and Ethnic Differences in Health Beliefs and Behaviors: Will H. Courtenay, Donald R. McCreary, and Joseph R. Merighi; 9. Masculinity and Gender Role Conflict: How They Influence the Likelihood That Men Will Engage in Multiple High-Risk Behaviors: Will H. Courtenay and Donald R. McCreary 327 $a10. Measurement of Men's Help Seeking: Development and Evaluation of the Barriers to Help Seeking Scale: Abigail K. Mansfield, Michael E. Addis, and Will H. Courtenay11. The Drive for Muscularity and Masculinity: Testing the Associations Among Gender Role Traits, Behaviors, Attitudes, and Conflict: Donald R. McCreary, Deborah M. Saucier, and Will H. Courtenay; Section V: Reaching Men: Introduction: Making Health Manly: Social Marketing and Men's Health; 12. Counseling Men About Their Health: An Evidence-Based Practice Guideline 330 $aMasculinity has a powerful effect on the health of men and boys. Indeed, many of the behaviors they use to ""be men"" actually increase their risk of disease, injury, and death. In this book, Dr. Will Courtenay, an internationally recognized expert on men's health, provides a foundation for understanding this troubling reality. With a comprehensive review of data and literature, he identifies specific gender differences in the health-related attitudes, beliefs, and behaviors of men and boys and the health consequences of these differences. He then describes the powerful social, environmenta 410 4$aThe Routledge Series on Counseling and Psychotherapy with Boys and Men 606 $aMen$xHealth and hygiene 606 $aHealth behavior 606 $aMen's Health 606 $aMasculinity 606 $aHealth Status 606 $aHealth Promotion$xmethods 607 $aUnited States 615 0$aMen$xHealth and hygiene. 615 0$aHealth behavior. 615 12$aMen's Health. 615 22$aMasculinity. 615 22$aHealth Status. 615 22$aHealth Promotion$xmethods. 676 $a613/.04234 676 $a616.890081 700 $aCourtenay$b Will H$01873008 801 0$bAU-PeEL 801 1$bAU-PeEL 801 2$bAU-PeEL 906 $aBOOK 912 $a9910964003903321 996 $aDying to be Men$94482904 997 $aUNINA